Eczacıbaşı Women's Volleyball Current Squad by Photos (24/25) - Statistics

General Stats
  • This quiz has been taken 9 times
  • The average score is 10 of 14
Answer Stats
Picture Answer % Correct
Hande Baladın
100%
Tijana Boskovic
100%
Elif Şahin
78%
Simge Aköz
78%
Yaprak Erkek
78%
Alexa Gray
67%
Beyza Arıcı
67%
Dana Rettke
67%
Jovana Stevanović
67%
Naz Aydemir Akyol
67%
Sinead JACK-KISAL
67%
Anna Nicoletti
44%
Kathryn Boden
44%
Tuna Aybüke Özel
33%
No matching quizzes found
Score Distribution
Percent of People with Each Score
Percentile by Number Answered
Your Score History
You have not taken this quiz